01365cam a22002891 450000100060000000300080000600500170001400800390003103500190007004000230008904100080011208200200012010000310014024501030017126000410027430000900031550002360040550000730064150001110071450000280082565100410085365100100089470000430090470000580094770000470100574000230105225709BD-RjUL20211209050921.0140319r19271720enkhafc b 000 0 eng a(BD-RjUL)25779 aDLCcDLCdDLCbeng aeng a915.5bCHS 19271 aChardin, John,d1643-1713.10aSir John Chardin's Travels in Persia /cwith an introduction by Brigadier-General Sir Percy Sykes. aLondon :bThe Argonaut press,c1927. axxx, 287 p., 1 l. incl. illus., plates, facsims. :b2 fold. pl., port. ;c27 x 20.cm. a"This edition ... is the third publication of the Argonaut press and is limited to 975 copies on Japon vellum, numbered 1 to 975 ... Printed by Walter Lewis, M. A., at the University press, Cambridge ... This copy is number 229." aWith reproductions of title-pages of the 1720 and the 1724 editions. aReprint of the two-volume London edition of 1720; edited, with a bibliographical preface, by N. M. Penzer. aTranslated by E. Lloyd. 0aMiddle EastxDescription and travel. 0aIran.1 aLloyd, Edmund,dactive 1796-1847,etr.1 aPenzer, Norman Mosley,d1892- [from old catalog]eed.1 aSykes, Percy Molesworth,cSir,d1867-1945.0 aTravels in Persia.